| 000 | 004640000a22001690004500 | ||
|---|---|---|---|
| 020 | _a84-271-0872-9 | ||
| 041 | 0 | _aSPA | |
| 082 | 0 | 4 | _aG 301.1 C3863s |
| 245 | 1 | 0 | _aLa sociología : Ideas, obras, hombres / Jean Cazeneuve, David Victoroff, Directores |
| 260 | _aBilbao, España : Mensajero | ||
| 300 | _a618 Pag | ||
| 001 | 9287 | ||
| 942 | _cBK | ||
| 999 |
_c39341 _d39341 |
||
| 336 |
_atexto _btxt _2rdacontent |
||
| 337 |
_2rdamedia _asin mediación _bn |
||
| 338 |
_2rdacarrier _avolumen _bnc |
||